<?xml version="1.0" encoding="UTF-8"?>
<record
    xmlns:xsi="http://www.w3.org/2001/XMLSchema-instance"
    xsi:schemaLocation="http://www.loc.gov/MARC21/slim http://www.loc.gov/standards/marcxml/schema/MARC21slim.xsd"
    xmlns="http://www.loc.gov/MARC21/slim">

  <leader>01974nam a22001817a 4500</leader>
  <controlfield tag="003">IT-RoPau</controlfield>
  <controlfield tag="005">20220918175940.0</controlfield>
  <controlfield tag="008">130202b        xxu||||| |||| 00| 0 eng d</controlfield>
  <datafield tag="040" ind1=" " ind2=" ">
    <subfield code="c">IT-RoPau</subfield>
  </datafield>
  <datafield tag="100" ind1=" " ind2=" ">
    <subfield code="a">Chiesa, Francesco</subfield>
    <subfield code="9">338</subfield>
  </datafield>
  <datafield tag="245" ind1=" " ind2=" ">
    <subfield code="a">Ges&#xF9; Cristo Re</subfield>
  </datafield>
  <datafield tag="250" ind1=" " ind2=" ">
    <subfield code="a">I</subfield>
  </datafield>
  <datafield tag="260" ind1=" " ind2=" ">
    <subfield code="a">Alba</subfield>
    <subfield code="b">PSSP</subfield>
    <subfield code="c">1926</subfield>
  </datafield>
  <datafield tag="300" ind1=" " ind2=" ">
    <subfield code="a">323 p.</subfield>
    <subfield code="c">23 x 22 cm</subfield>
  </datafield>
  <datafield tag="490" ind1=" " ind2=" ">
    <subfield code="v">I</subfield>
  </datafield>
  <datafield tag="520" ind1=" " ind2=" ">
    <subfield code="a">Indice
Prefazione
Enciclica &lt;&lt;quas primas&gt;&gt;
I. Introduzione
II. Regalit&#xE0; di Ges&#xF9; Cristo 
III. Festivit&#xE0; della Regalit&#xE0; di G.C.

Lettura I.  Il vero Re
   &gt;&gt;    II. La regalit&#xE0; di Ges&#xF9; nella Bibbia dell' A.T.
   &gt;&gt;   III. Cristo Re nel N. Testamento
   &gt;&gt;   IV. Cristo Re nella Santa Liturgia
   &gt;&gt;    V. Fondamenti della Regalit&#xE0; di Ges&#xF9; Cristo
   &gt;&gt;   VI. Natura del Regno di Ges&#xF9; Cristo
   &gt;&gt;  VII. Territorio del Regno di G. C. &lt;&lt;la mente&gt;&gt;    
   &gt;&gt;  VIII. Territori del Regno di G.C. &lt;&lt;il cuore&gt;&gt;
   &gt;&gt;    IX. Territorio del Regno di Ges&#xF9; Cristo &gt;&gt;la volonta&gt;&gt;
   &gt;&gt;     X. Il Manto Regale - Ges&#xF9; Re dei secoli
   &gt;&gt;    XI. Il Manto Regale - Universalit&#xE0; del Regno
   &gt;&gt;   XII. La Corona Regale di Cristo Re &lt;&lt;L' universo&gt;&gt;
   &gt;&gt;  XIII. Lo scettro Regale di Cristo Re
   &gt;&gt; XIV. Il Trono Regale di Cristo Re
   &gt;&gt;  XV. La corte di Cristo Re
   &gt;&gt; XVI. Il Genio di Cristo Re
   &gt;&gt; XVII. Il Regno di Ges&#xF9; Cristo
   &gt;&gt; XVIII. La forma generale del Regno di Ges&#xF9; Cristo
   &gt;&gt;  XIX. La forma di governo del Regno di Ges&#xF9; Cristo
   &gt;&gt;  XXI. Estensione del Regno visibile di G. Cristo
   &gt;&gt; XXII. G. C. Re delle nazioni
   &gt;&gt; XXIII. Ges&#xF9; Re delle famiglie
   &gt;&gt; XXIV. Il Regno di Ges&#xF9; Cristo in noi
   &gt;&gt; XXV. Il Regno di Ges&#xF9; Cristo nella mente
   &gt;&gt; XXVI. Il Regno di Ges&#xF9; Cristo nella volont&#xE0;
   &gt;&gt; XXVII. Il Regno di Ges&#xF9; Cristo nei cuori
   &gt;&gt;XXVIII. Il Regno di Ges&#xF9; Cristo nel nostro corpo
   &gt;&gt;  XXIX. La festivit&#xE0; di Ges&#xF9; Cristo Re
   &gt;&gt;  XXX. La Liturgia della festa di G.C. Re
   &gt;&gt;  XXXI. Consecrazione a Ges&#xF9; Cristo Re

                   </subfield>
  </datafield>
  <datafield tag="942" ind1=" " ind2=" ">
    <subfield code="2">ddc</subfield>
    <subfield code="c">BK</subfield>
  </datafield>
  <datafield tag="999" ind1=" " ind2=" ">
    <subfield code="c">37949</subfield>
    <subfield code="d">37949</subfield>
  </datafield>
  <datafield tag="952" ind1=" " ind2=" ">
    <subfield code="0">0</subfield>
    <subfield code="1">0</subfield>
    <subfield code="2">ddc</subfield>
    <subfield code="4">0</subfield>
    <subfield code="6">P_B5</subfield>
    <subfield code="7">1</subfield>
    <subfield code="a">PAULUS</subfield>
    <subfield code="b">PAULUS</subfield>
    <subfield code="d">2013-02-02</subfield>
    <subfield code="l">0</subfield>
    <subfield code="o">P B5</subfield>
    <subfield code="r">2013-02-02 00:00:00</subfield>
    <subfield code="w">2013-02-02</subfield>
    <subfield code="y">BK</subfield>
  </datafield>
</record>
